Manual de documentación y terminología para la traducción especializada

Uloženo v:
Podrobná bibliografie
Hlavní autoři: Gonzalo García, Consuelo (Autor), García Yebra, Valentín (Autor)
Médium: Kniha
Jazyk:španělština
Vydáno: Madrid Arco Libros SL 2004
Vydání:1a. ed
Témata:
Tagy: Přidat tag
Žádné tagy, Buďte první, kdo vytvoří štítek k tomuto záznamu!

MARC

LEADER 00000cam a2200000 a 4500
001 UCE9736
003 CL-VaPUC
008 151106e20040000sp |||||||||||||||||spa|d
020 |a 8476355785 
082 0 4 |a 418.007  |b GON  |2 21 
100 |a Gonzalo García, Consuelo  |e author  |9 592145 
700 |a García Yebra, Valentín  |e author  |9 592146 
245 1 0 |a Manual de documentación y terminología para la traducción especializada 
250 |a 1a. ed 
300 |a 557 p 
942 |c BK 
945 |d 20151106 14:16:00  |a dcastane 
260 |a Madrid  |b Arco Libros SL  |c 2004 
650 0 |a Traducción e interpretación  |9 315998 
650 0 |a Análisis del discurso  |9 256696 
650 0 |a Manuales  |9 257144 
583 |a last modification  |c 20151106 14:16:00  |k Rodrigo Vera 
999 |c 361381  |d 361379 
952 |0 0  |1 0  |3 erb  |4 0  |6 418_007000000000000_GON_2004  |7 0  |8 A  |9 471824  |a BIBEDU  |b BIBEDU  |c ES_NOD  |i 5246679  |l 9  |m 3  |o 418.007 GON 2004  |p 5246679  |r 2024-12-05  |s 2024-12-03  |w 2019-11-24  |y BK  |z Catalogado en:20151106  |k LIT